000
00258nam a22001097a 4500
082
_a
954
100
_a
Study IQ
245
_a
1000+ MCQs On INDIAN HISTORY
260
_a
Delhi
_b
Study IQ Publication
_c
2023
650
_a
INDIAN HISTORY
_9
227
942
_c
C. BOOKS
999
_c
67619
_d
67619